Animal Crossing Fruit - Statistics

General Stats
  • This quiz has been taken 127 times
  • The average score is 19 of 25
Answer Stats
Hint Answer % Correct
Animal Crossing: City Folk Apple
97%
Animal Crossing: New Leaf Apple
97%
Animal Crossing: New Horizons Apple
97%
Animal Crossing: City Folk Orange
91%
Animal Crossing: New Leaf Orange
91%
Animal Crossing: New Horizons Orange
91%
Animal Crossing: City Folk Peach
91%
Animal Crossing: New Leaf Peach
91%
Animal Crossing: New Horizons Peach
91%
Animal Crossing: City Folk Pear
91%
Animal Crossing: New Leaf Pear
91%
Animal Crossing: New Horizons Pear
91%
Animal Crossing: City Folk Cherry
85%
Animal Crossing: New Leaf Cherry
85%
Animal Crossing: New Horizons Cherry
85%
Animal Crossing: City Folk Coconut
82%
Animal Crossing: New Leaf Coconut
82%
Animal Crossing: New Horizons Coconut
82%
Animal Crossing: New Leaf Banana
77%
Animal Crossing: New Leaf Lemon
48%
Animal Crossing: New Leaf Mango
41%
Animal Crossing: New Leaf Durian
37%
Animal Crossing: New Leaf Lychee
35%
Animal Crossing: New Leaf Persimmon
25%
Animal Crossing: New Horizons Pumpkin
11%
No matching quizzes found
Score Distribution
Percent of People with Each Score
Percentile by Number Answered
Your Score History
You have not taken this quiz